Statistics for California City Skylines

Click here to take the quiz!

General Stats

  • This quiz has been taken 344 times
  • The average score is 7 of 8

Answer Stats

Answer% Correct
San Francisco
97%
Los Angeles
96%
San Diego
93%
Oakland
89%
Sacramento
75%
San Jose
73%
Fresno
69%
Long Beach
65%

Score Distribution

Percentile by Number Answered

Percent of People with Each Score

Your Score History

You have not taken this quiz